00425nam a22001457a 450000500170000000800410001702200150005804100120007308200120008510000120009724500580010926000620016730000250022965000250025420240808143418.0240808b |||||||| |||| 00| 0 eng d a0409040789 aEnglish a349 SOU lEnglish aIndex to the Southern African Law Reports: Transvaal  aDurban: bButterworth and Company (Pty) Ltd, c1828-1946  b729 pages; c26 cm.  aLegal practice bLaw